Govt. of
Madhya Pradesh

Madhya pradesh Reorganisation Act, 2000 (Record no. 48591)

MARC details
000 -LEADER
fixed length control field 003290000a22001450004500
003 - CONTROL NUMBER IDENTIFIER
control field MACL
040 ## - CATALOGING SOURCE
Original cataloging agency MACL
090 ## - LOCALLY ASSIGNED LC-TYPE CALL NUMBER (OCLC); LOCAL CALL NUMBER (RLIN)
-- 49112
-- 49110
100 ## - MAIN ENTRY--PERSONAL NAME
Personal name Bangia]J.D.
245 ## - TITLE STATEMENT
Title Madhya pradesh Reorganisation Act, 2000
260 ## - PUBLICATION, DISTRIBUTION, ETC. (IMPRINT)
Place of publication, distribution, etc. Bhopal
Name of publisher, distributor, etc. Suvidha Law House Pvt. Ltd.
Date of publication, distribution, etc. 2005
350 ## - PRICE (NR) (BK AM CF MU VM SE) [OBSOLETE]
Price 40
650 ## - SUBJECT ADDED ENTRY--TOPICAL TERM
Topical term or geographic name as entry element Law
942 ## - ADDED ENTRY ELEMENTS (KOHA)
Koha item type Library Membar
Call number prefix 340
Holdings
Withdrawn status Lost status Damaged status Not for loan Home library Current library Date acquired Total Checkouts Full call number Barcode Date last seen Uniform Resource Identifier Price effective from Koha item type
        MACL MACL 15/04/2015   340 BOOK GCLH21419 29/04/2015 49405 15/04/2015 Books